000 01545cam a22004934i 4500
003 PE-LiUPU
005 20250731165520.0
008 150623s r 000 0 d
020 _a8448136535
035 _a(Sirsi) i9788448136536
040 _aPE-LiUPU
_bspa
_cPE-LiUPU
_erda
049 _aPRUA
082 0 4 _a001.642
_bL847o
_221
100 1 _aLoney, Kevin,
_eautor.
245 1 0 _aOracle 9i :
_bmanual del administrador /
_cKevin Loney.
264 1 _aMadrid, España :
_bMcGraw-Hill/Interamericana de España,
_c2002.
300 _a996 páginas :
_bilustraciones tablas, fotos, gráficos ;
_c24 centímetros.
336 _atext
_2rdacontent
337 _aunmediated
_2rdamedia
338 _avolume
_2rdacarrier
500 _aEdición fotocopiada.
505 0 _aArquitectura de la base de datos. Administración de bases de datos. Oracle en red.
526 _aSEG44
526 _aSEG26
526 _aP151
526 _aP150
526 _aP149
526 _aP146
526 _aP145
526 _aP126
526 _aP125
526 _aP92
526 _aP75
526 _aP74
526 _aP27
526 _aP15
650 0 4 _aBases de datos relacionados.
650 0 4 _aOracle (Programa para computadora).
700 1 _aTheriault, Marlene.
942 _2ddc
_cBK
949 _a001.642
_wDEWEY
_c1
_i51972
_lCCODEBUL1
_mBUL
_p19.00
_r0
_sY
_tBOOK
_u2015-6-24
_xINGENIERIA
_zUNKNOWN
_0COMPRA
_o.STAFF. Colección General
980 _81
_gALBERTO SANCHEZ Responsable de Automatización
999 _c33719
_d33719